[Event "Dubai op"]
[Site "Dubai"]
[Date "2000.05.06"]
[Round "8"]
[White "Mamedov, Nidjat"]
[Black "Fouad, Hadi"]
[Result "1-0"]
[WhiteElo "2341"]
[BlackElo "2151"]
[PlyCount "35"]
[EventDate "2000.04.28"]
[EventType "swiss"]
[EventRounds "9"]
[EventCountry "UAE"]
[SourceTitle "EXT 2001"]
[Source "ChessBase"]
[SourceDate "2000.11.22"]
[SourceVersion "1"]
[SourceVersionDate "2000.11.22"]
[SourceQuality "1"]

1. e4 c5 2. Nf3 e6 3. d4 cxd4 4. Nxd4 Nf6 5. Nc3 d6 6. Be3 Nc6 7. Bd3 Be7 8. 0-0 0-0 9. Kh1 a6 10. f4 Qc7 11. Qf3 b5 12. e5 Nd5 13. Nxd5 exd5 14. Qxd5 Bb7 15. exd6 Bxd6 16. Qg5 Be7 17. Qg4 Bf6 18. Qf5 1-0

[Event "Dubai op"]
[Site "Dubai"]
[Date "2000.04.30"]
[Round "3"]
[White "Sharif, Mershad"]
[Black "Fouad, Hadi"]
[Result "1-0"]
[WhiteElo "2491"]
[BlackElo "2151"]
[PlyCount "49"]
[EventDate "2000.04.28"]
[EventType "swiss"]
[EventRounds "9"]
[EventCountry "UAE"]
[SourceTitle "EXT 2001"]
[Source "ChessBase"]
[SourceDate "2000.11.22"]
[SourceVersion "1"]
[SourceVersionDate "2000.11.22"]
[SourceQuality "1"]

1. d4 Nf6 2. Nf3 d5 3. c4 e6 4. Nc3 Be7 5. cxd5 exd5 6. Bf4 0-0 7. e3 c6 8. Bd3 Bg4 9. Qc2 Bxf3 10. gxf3 c5 11. dxc5 Bxc5 12. 0-0-0 Qa5 13. Kb1 Kh8 14. Bf5 Nc6 15. Qa4 Qxa4 16. Nxa4 Be7 17. Nc3 Rfd8 18. Bc7 Rdc8 19. Bxc8 Rxc8 20. Bf4 Rd8 21. Bg5 d4 22. Ne4 Nxe4 23. Bxe7 Re8 24. fxe4 Rxe7 25. exd4 1-0

[Event "Dubai op"]
[Site "Dubai"]
[Date "1999.05.07"]
[Round "7"]
[White "Fouad, Hadi"]
[Black "Taleb, Moussa"]
[Result "0-1"]
[WhiteElo "2158"]
[BlackElo "2304"]
[PlyCount "70"]
[EventDate "1999.05.??"]
[EventType "swiss"]
[EventRounds "9"]
[EventCountry "UAE"]
[SourceTitle "CBM 070 Extra"]
[Source "ChessBase"]
[SourceDate "1999.07.10"]
[SourceVersion "1"]
[SourceVersionDate "1999.07.10"]
[SourceQuality "1"]

1. e4 c5 2. Nf3 Nc6 3. d4 cxd4 4. Nxd4 g6 5. Nc3 Bg7 6. Be3 Nf6 7. Qd2 0-0 8. 0-0-0 Ng4 9. Nxc6 bxc6 10. Bc4 Qa5 11. Bb3 Nxe3 12. Qxe3 e6 13. f4 d5 14. exd5 cxd5 15. Ne2 Qc7 16. Kb1 a5 17. a4 Rb8 18. g4 Rb4 19. f5 Rxg4 20. fxe6 Bxe6 21. Nd4 Qc5 22. c3 Re4 23. Qd2 Bg4 24. Rde1 Bxd4 25. Rxe4 Bf5 26. cxd4 Bxe4+ 27. Ka2 Qb6 28. Rc1 Rb8 29. Qe3 Qe6 30. Rc3 Rb4 31. Qh6 Qf5 32. Rh3 Qf1 33. Qxh7+ Kf8 34. Qh8+ Ke7 35. Qe5+ Kd7 0-1

[Event "Dubai op"]
[Site "Dubai"]
[Date "1999.05.05"]
[Round "5"]
[White "Fouad, Hadi"]
[Black "Al Huwar, Jasem"]
[Result "0-1"]
[WhiteElo "2158"]
[BlackElo "2203"]
[PlyCount "134"]
[EventDate "1999.05.??"]
[EventType "swiss"]
[EventRounds "9"]
[EventCountry "UAE"]
[SourceTitle "CBM 070 Extra"]
[Source "ChessBase"]
[SourceDate "1999.07.10"]
[SourceVersion "1"]
[SourceVersionDate "1999.07.10"]
[SourceQuality "1"]

1. e4 g6 2. d4 Bg7 3. f4 c5 4. d5 b5 5. c4 bxc4 6. Bxc4 Ba6 7. Qe2 Qb6 8. e5 Bxc4 9. Qxc4 Na6 10. Nc3 Nb4 11. Ne4 d6 12. Nf3 Rd8 13. a3 Qa6 14. Qxa6 Nxa6 15. Nc3 Nc7 16. Be3 Nh6 17. Rd1 0-0 18. h3 Rb8 19. Bc1 Nf5 20. Ne2 Rb3 21. Kf2 Nb5 22. Rhe1 dxe5 23. fxe5 f6 24. e6 Nfd6 25. Nd2 Rd3 26. Nf4 Rd4 27. Nb3 Rxd1 28. Rxd1 Ne4+ 29. Ke3 f5 30. Na5 Rc8 31. Nc6 Kf8 32. h4 Rc7 33. g4 Nd4 34. Nxd4 cxd4+ 35. Kf3 Rc2 36. Nd3 Nd6 37. g5 Nb5 38. Bf4 Ke8 39. Rc1 Rxc1 40. Nxc1 Kd8 41. Ke2 Nc7 42. Bxc7+ Kxc7 43. Kd3 Kd6 44. Kc4 f4 45. Nd3 f3 46. b4 Be5 47. Nf2 Kc7 48. Ne4 Bh2 49. Kxd4 f2 50. Nd2 Bg3 51. Ke4 Bxh4 52. Kf4 Kd6 53. Nf1 Kxd5 54. Kg4 Bxg5 55. Kxg5 Kxe6 56. Kh6 Kd5 57. Kxh7 Kc4 58. Kxg6 Kb3 59. Kf5 Kxa3 60. Ke4 Kxb4 61. Kf3 a5 62. Kxf2 a4 63. Ne3 Kc3 64. Ke2 a3 65. Kd1 a2 66. Nc2 Kb2 67. Kd2 e5 0-1

[Event "Asia Cities-ch 11th"]
[Site "Genting Highlands"]
[Date "1998.04.11"]
[Round "5"]
[White "Kassis, Antoine"]
[Black "Fouad, Hadi"]
[Result "1-0"]
[WhiteElo "2220"]
[BlackElo "2155"]
[PlyCount "57"]
[EventDate "1998.04.09"]
[EventType "team-swiss"]
[EventRounds "9"]
[EventCountry "MAS"]
[SourceTitle "EXT 2020"]
[Source "ChessBase"]
[SourceDate "2019.10.17"]
[SourceVersion "1"]
[SourceVersionDate "2019.10.17"]
[SourceQuality "1"]
[WhiteTeam "Beirut"]
[BlackTeam "Dubai"]
[WhiteTeamCountry "LBN"]
[BlackTeamCountry "UAE"]

1. e4 c5 2. Nf3 e6 3. d3 Nc6 4. g3 g6 5. Bg2 Bg7 6. 0-0 Nge7 7. Nbd2 0-0 8. Re1 d5 9. e5 Qc7 10. Qe2 f6 11. exf6 Bxf6 12. Nb3 Nf5 13. c3 Qb6 14. Ng5 Ng7 15. Bf4 Bd7 16. h4 Bxg5 17. Bxg5 Rf7 18. Rad1 Raf8 19. Rf1 Na5 20. Nxa5 Qxa5 21. c4 Bc6 22. Bh6 Re8 23. Bxg7 Rxg7 24. cxd5 exd5 25. Bxd5+ Kh8 26. Qf3 Qxa2 27. Bxc6 bxc6 28. Qxc6 Qxb2 29. Qxe8+ 1-0

[Event "Tanta op 1st"]
[Site "Tanta"]
[Date "1997.??.??"]
[Round "8"]
[White "Fouad, Hadi"]
[Black "Abdel Aziem, Ramadan"]
[Result "1-0"]
[WhiteElo "2190"]
[BlackElo "2260"]
[PlyCount "56"]
[EventDate "1997.??.??"]
[EventType "swiss"]
[EventRounds "10"]
[EventCountry "EGY"]
[SourceTitle "EXT 1998"]
[Source "ChessBase"]
[SourceDate "1997.11.17"]
[SourceVersion "1"]
[SourceVersionDate "1997.11.17"]
[SourceQuality "1"]

1. e4 e5 2. Nf3 Nc6 3. Bc4 Nf6 4. d3 Bc5 5. c3 0-0 6. b4 Bb6 7. a4 a6 8. 0-0 d6 9. Re1 Be6 10. Nbd2 d5 11. exd5 Nxd5 12. Ne4 h6 13. Qb3 Re8 14. Bxh6 gxh6 15. Bxd5 Kg7 16. Bxe6 Rxe6 17. Rad1 Qe7 18. Ng3 Kh8 19. Re4 Rg8 20. Rde1 Qf6 21. d4 exd4 22. Rxe6 fxe6 23. Rxe6 Qf4 24. Ne2 Qf8 25. Nfxd4 Rg4 26. Qd5 Nxd4 27. Nxd4 Qg7 28. Qd8+ Qg8 1-0

[Event "Tanta op 1st"]
[Site "Tanta"]
[Date "1997.??.??"]
[Round "2"]
[White "Fouad, Hadi"]
[Black "Taleb, Moussa"]
[Result "1-0"]
[WhiteElo "2190"]
[BlackElo "2265"]
[PlyCount "57"]
[EventDate "1997.??.??"]
[EventType "swiss"]
[EventRounds "10"]
[EventCountry "EGY"]
[SourceTitle "EXT 1998"]
[Source "ChessBase"]
[SourceDate "1997.11.17"]
[SourceVersion "1"]
[SourceVersionDate "1997.11.17"]
[SourceQuality "1"]

1. e4 d6 2. d4 g6 3. Nc3 Bg7 4. f4 Nd7 5. Nf3 c5 6. Be3 Qa5 7. Qd2 Ngf6 8. h3 0-0 9. 0-0-0 cxd4 10. Bxd4 b5 11. e5 dxe5 12. fxe5 Nh5 13. e6 fxe6 14. Bxg7 Nxg7 15. Bxb5 Nf6 16. Rhf1 Ba6 17. Bxa6 Qxa6 18. Qe2 Qb7 19. Qb5 Qc7 20. Qe5 Qb7 21. Qb5 Qc8 22. Nd4 Nf5 23. Nxe6 Re8 24. Qe5 Rb8 25. g4 Nh6 26. Nd5 Rb7 27. g5 Nf7 28. Qd4 Nh5 29. Ndf4 1-0

[Event "Tanta op 1st"]
[Site "Tanta"]
[Date "1997.??.??"]
[Round "7"]
[White "Sakr, Nassim"]
[Black "Fouad, Hadi"]
[Result "0-1"]
[WhiteElo "2170"]
[BlackElo "2190"]
[PlyCount "100"]
[EventDate "1997.??.??"]
[EventType "swiss"]
[EventRounds "10"]
[EventCountry "EGY"]
[SourceTitle "EXT 1998"]
[Source "ChessBase"]
[SourceDate "1997.11.17"]
[SourceVersion "1"]
[SourceVersionDate "1997.11.17"]
[SourceQuality "1"]

1. e4 c5 2. Nc3 d6 3. g3 Nc6 4. Bg2 g6 5. Nge2 Bg7 6. d3 e5 7. 0-0 Nge7 8. Be3 0-0 9. Qd2 Nd4 10. f4 Rb8 11. Rae1 Be6 12. h3 f5 13. b3 Qd7 14. Kh2 b5 15. Nd1 b4 16. fxe5 dxe5 17. Ng1 Rf7 18. h4 Rbf8 19. Kh1 Nec6 20. Rf2 f4 21. gxf4 Qe7 22. f5 Qxh4+ 23. Bh3 gxf5 24. Bg5 Qh5 25. Rh2 Qg6 26. Nf2 h6 27. Bh4 f4 28. Bxe6 Qxe6 29. Nfh3 Bf6 30. Bf2 Rg7 31. c3 bxc3 32. Qxc3 Qg4 33. Qc4+ Kh7 34. Bxd4 Nxd4 35. Rf1 f3 36. Qc1 Bg5 37. Nxg5+ Rxg5 38. Rff2 Rfg8 39. Nh3 Rh5 40. Qf1 Ne2 41. Rxf3 Ng3+ 42. Rxg3 Qxg3 43. a3 a5 44. Qf7+ Rg7 45. Qf1 Rg8 46. a4 Rh4 47. b4 cxb4 48. d4 b3 49. Qc4 Kh8 50. Qf1 b2 0-1